Tayc- Forévà - Statistiques

Statistiques générales
  • Ce quiz a été pris 44 fois
  • Le résultat moyen est 117 sur 144
Statistiques - réponses
Réponse % Correct
tu
100%
de
97%
détour
97%
donc
97%
m'a
97%
pour
97%
si
97%
t'as
97%
toujours
97%
trouvé
97%
aucun
94%
coeur
94%
elle
94%
fais
94%
le
94%
m'aimes
94%
mon
94%
retour
94%
sans
94%
tout
94%
fais-le
91%
je
91%
moi
91%
pris
91%
ce
86%
j'ai
86%
mal
86%
pourquoi
86%
qui
86%
ton
86%
as
83%
comme
83%
elles
83%
encore
83%
homme
83%
m'arrive
83%
m'ont
83%
ne
83%
pas
83%
promis
83%
signal
83%
avant
80%
dis-moi
80%
donner
80%
essai
80%
me
80%
n'ai
80%
peut
80%
pleurer
80%
dernier
77%
est
77%
guérir
77%
jamais
77%
naïf
77%
qu'est
77%
un
77%
vérifié
77%
alors
74%
c'est
74%
été
74%
oh
74%
écrit
71%
suis
71%
aucuns
69%
béni
69%
déjà
69%
te
69%
plaît
66%
s'il
66%
soin
66%
toi
63%
prends
60%
m'as
57%
adieu
11%
dieu
9%
j'atteins
0%
Aucun quiz correspondant
Distribution des résultats
% des personnes avec chaque résultat
Percentile par nombre de réponses
Votre historique - résultats
Vous n’avez pas pris ce quiz